000 01051nam a2200229 i 4500
001 170480
003 ES-MaACL
005 20250824072541.0
008 090310s1926 ag |||| | spa d
080 _a821.134.2 (82)-2"18"
100 1 _aCuenca, Claudio Mamerto.
_9139615
245 1 0 _aDon Tadeo
_b: comedia /
_cClaudio Mamerto Cuenca ; [noticia por Narciso Binayán].
260 _aBuenos Aires :
_b[s. n.],
_c1926 (
_fImp. de la Universidad)
300 _a2 h., p. 366--679 ;
_c23 cm.
490 1 _aSección de documentos. Primera serie. T. II: Teatro en verso / Facultad de Filosofía y Letras de la Universidad de Buenos Aires, Instituto de Literatura Argentina ;
_v4
700 1 _aBinayán, Narciso.
_9152219
710 2 _aUniversidad de Buenos Aires.
_bInstituto de Literatura Argentina.
_9139614
830 0 0 _aSección de documentos.
_pPrimera serie.
_pTeatro en verso (Instituto de Literatura Argentina)
_v4
_9188931
852 _aES-MaACL
_jC-6628(2)
_zEnc. en un vol. facticio
942 _2udc
999 _c170480
_d170480